000 01040cab a2200277 4500
001 ABS50692
008 090401t1994 xxu||||| |||| 00| 0 eng d
035 _a(Sirsi) u7371
041 _aeng
100 _aDavis, L.
245 _aLegal raid
260 _c1994
350 _a0
490 _aBuilding Economist
_vApril 1994, 6-8(3)
520 _aConsiders the application, to the Lord Chancellor`s Advisory Committee on Legal Education and Conduct by the Institute of Commercial Litigators, which would enable quantity surveyors to represent clients in litigation in construction and engineering disputes including negligence. Includes details of conditions of membership and the proposed one year training course.
650 _aCLAIMS CONSULTANTS
650 _aCONSTRUCTION DISPUTES
650 _aDIVERSIFICATION
650 _aINSTITUTE OF COMMERCIAL LITIGATORS
650 _aQUANTITY SURVEYORS
690 _aBUILT ENVIRONMENT
690 _aLAW
690 _aQuantity surveying
_96263
942 _n0
948 _c04/03/1997
999 _c4446
_d4446